Proceedings of the Seminar ... , Serdang, 10th December 1979

Bibliographic Details
Corporate Author: SEMINAR on Chemistry and Fertility of Tropical Soils
Other Authors: Othman Yaacob, Sharifuddin
Format: Book
Published: Kuala Lumpur : Malaysian Society of Soil Science , 1979
Subjects:

MARC

LEADER 00000cam a2200000 7i4500
001 0000002548
005 20030825.0
090 0 0 |a 631.41   |b SEM 1979 
110 1 0 |a SEMINAR on Chemistry and Fertility of Tropical Soils   |k 1973   |j Kuala Lumpur 
245 1 0 |a Proceedings of the Seminar ... , Serdang, 10th December 1979   |c edited by Othman Yaacob and H. A. H. Sharifuddin 
260 0 0 |a Kuala Lumpur :   |b Malaysian Society of Soil Science ,   |c 1979 
300 |a xiv, 149 p. :   |b ill. ;   |c 30 cm. 
500 0 0 |a Includes bibliographical references 
650 0 0 |a Soil fertility   |x Congresses   |z Tropics 
650 0 0 |a Soils   |x Congresses   |z Tropics 
700 0 1 |a Othman Yaacob 
700 0 1 |a Sharifuddin   |h H. A. H. 
998 |a JPSM 
999 |a 0000004394   |b Monograph   |c Open Shelf   |e Default branch